000 01183nam a22003257a 4500
003 CHAP
005 20220329143222.0
008 070330d2005 mx ad r 00110 spa d
010 _a93467
011 _a94439
035 _a105029
040 _cCHAP
090 _aTesis
100 1 _aCruz Reza, Rosa Martha
_929556
245 1 0 _aFertilización fosfatada en gladiolo (Gladiolus grandiflorus L.) sembrado en Cocula, Guerrero
_c/por Rosa Martha Cruz Reza
260 _aCocula, Gro. :
_bEl autor,
_c2005.
300 _a46 h. :
_bilus. ; gráfs. ; cuadros.
502 _aTesis (Ing. Agr. Fitotecnista) -- Colegio Superior Agropecuario del Estado de Guerrero. Centro de Estudios Profesionales
590 _aALEPH
_b10
_c20130110
_lUCH01
_h1517
590 _aBATCH-UPD
_b10
_c20130110
_lUCH01
_h0659
590 _aCONVERSION
_b10
_c20130109
_lUCH01
_h1352
650 1 4 _aFertilizantes fosfatados.
_940592
650 1 4 _aFertilizantes
_xEfecto en gladiolas.
_940515
650 1 4 _aFlores
_zGuerrero.
_941414
650 1 4 _aGladiolas.
_948227
901 _aBK
905 _aMarco A. Mendoza T.
942 _cTESIS
949 _aTesis
_bBC
_cTES
_d33724002024538
_eTS1
_gDonaciØn
_h46667
_i105029
_sb
999 _c93467
_d93467